| 000 | 00643nam a22002291 4500 | ||
|---|---|---|---|
| 001 | sa 68013595 | ||
| 003 | DLC | ||
| 005 | 20260227112623.0 | ||
| 008 | 740129s1968 ii 00000 eng | ||
| 010 | _asa 68013595 | ||
| 025 | _aPL480:I-E-10700 | ||
| 043 | _aa-ii--- | ||
| 050 | 0 |
_aHD8039.I52 _bI55 |
|
| 082 | _a331.7/67/20954 | ||
| 110 | 1 | 0 |
_aIndia (Republic) _bStudy Group on Iron and Steel Industry. |
| 245 | 0 | 0 | _aReport. |
| 260 | 0 |
_aDelhi, _bManager of Publications, _c1968. |
|
| 300 |
_a112 p. _c22 cm. |
||
| 350 | _a1.00 ($0.36) | ||
| 500 | _aOn t.p.: National Commission on Labour. | ||
| 650 | 0 |
_aIron and steel workers _zIndia. |
|
| 999 |
_c85200 _d85200 |
||